| 000 | 01083cam a2200301 a 4500 | ||
|---|---|---|---|
| 001 | 000017373 | ||
| 005 | 20200929165108.0 | ||
| 008 | 740129s1945 sp a 001 0 spa d | ||
| 035 | _a(DLC)a 48004845 | ||
| 035 | _a(OCoLC)784525 | ||
| 040 |
_aDO-SdBNP _cGAC _dOClU _dOCoLC _dDLC |
||
| 082 |
_a928.61 _bA859v, 1945 |
||
| 100 | 1 |
_aAstrana Marín, Luis, _d1889-1959 _938035 |
|
| 245 | 1 | 0 |
_aLa vida turbulenta de Quevedo / _cLuis Astrana Marín. |
| 250 | _a2d ed. | ||
| 260 |
_aMadrid : _bGran Capitán, _c1945. |
||
| 300 |
_a622 p. : _bil., retrs. ; _c26 cm. |
||
| 490 | 1 | _aHistórica Gran capitán | |
| 600 | 1 | 0 |
_aQUEVEDO, FRANCISCO DE, _d1580-1645. _xBIOGRAFÍAS _938036 |
| 650 | 4 |
_aAutores españoles _xBiografías _918116 |
|
| 650 | 4 |
_aLiteratos españoles _xBiografías _938037 |
|
| 650 | 4 |
_aPoesía española _xHistoria y crítica _98687 |
|
| 650 | 4 |
_aLiteratura española _xCrítica e interpretación _94054 |
|
| 700 | 1 |
_aLison y Biedma, Mateo de, _d17th cent. _938038 |
|
| 830 | 0 |
_aHistórica Gran capitán ; _938039 |
|
| 910 | _aCatalogación por copia / LC | ||
| 049 | _aBNGR | ||
| 999 |
_c16898 _d16898 |
||